О самостоятельном конструировании структурных продуктов; Альманах современной науки и образования; № 5 (95)
| Parent link: | Альманах современной науки и образования.— , 2004- № 5 (95).— 2015.— [С. 150-152] |
|---|---|
| Hovedforfatter: | |
| Institution som forfatter: | |
| Andre forfattere: | |
| Summary: | Заглавие с экрана Режим доступа: по договору с организацией-держателем ресурса |
| Sprog: | russisk |
| Udgivet: |
2015
|
| Fag: | |
| Online adgang: | http://elibrary.ru/item.asp?id=23270256 http://www.gramota.net/materials/1/2015/5/41.html |
| Format: | MixedMaterials Electronisk Book Chapter |
| KOHA link: | https://koha.lib.tpu.ru/cgi-bin/koha/opac-detail.pl?biblionumber=647297 |
MARC
| LEADER | 00000naa0a2200000 4500 | ||
|---|---|---|---|
| 001 | 647297 | ||
| 005 | 20250206150513.0 | ||
| 035 | |a (RuTPU)RU\TPU\network\12435 | ||
| 035 | |a RU\TPU\network\4695 | ||
| 090 | |a 647297 | ||
| 100 | |a 20160401d2015 k||y0rusy50 ca | ||
| 101 | 0 | |a rus | |
| 102 | |a RU | ||
| 135 | |a drcn ---uucaa | ||
| 181 | 0 | |a i | |
| 182 | 0 | |a b | |
| 200 | 1 | |a О самостоятельном конструировании структурных продуктов |f Н. В. Королева, М. Н. Трофимова | |
| 203 | |a Текст |c электронный | ||
| 300 | |a Заглавие с экрана | ||
| 320 | |a [Библиогр.: с. 152 (10 назв.)] | ||
| 333 | |a Режим доступа: по договору с организацией-держателем ресурса | ||
| 461 | |t Альманах современной науки и образования |d 2004- | ||
| 463 | |t № 5 (95) |v [С. 150-152] |d 2015 | ||
| 610 | 1 | |a электронный ресурс | |
| 610 | 1 | |a труды учёных ТПУ | |
| 610 | 1 | |a конструирование | |
| 610 | 1 | |a структурные продукты | |
| 610 | 1 | |a финансовые ресурсы | |
| 610 | 1 | |a инвесторы | |
| 610 | 1 | |a депозиты | |
| 610 | 1 | |a доходность | |
| 700 | 1 | |a Королева |b Н. В. |c экономист |c старший преподаватель Томского политехнического университета |f 1974- |g Наталья Валентиновна |3 (RuTPU)RU\TPU\pers\26778 |9 12421 | |
| 701 | 1 | |a Трофимова |b М. Н. |c экономист |c доцент Томского политехнического университета |g Маргарита Николаевна |3 (RuTPU)RU\TPU\pers\30143 |9 14548 | |
| 712 | 0 | 2 | |a Национальный исследовательский Томский политехнический университет |b Институт социально-гуманитарных технологий |b Кафедра менеджмента |3 (RuTPU)RU\TPU\col\18855 |9 27225 |
| 801 | 2 | |a RU |b 63413507 |c 20160401 |g RCR | |
| 856 | 4 | |u http://elibrary.ru/item.asp?id=23270256 | |
| 856 | 4 | |u http://www.gramota.net/materials/1/2015/5/41.html | |
| 942 | |c CF | ||